[Event "Kaido Kulaots 50 Rapid Tournament 2026"]
[Site "Parnu, EE"]
[Date "2026.02.28"]
[Round "1"]
[White "Volodin, Aleksandr"]
[Black "East, Marek"]
[Result "1-0"]
[Board "1"]
[WhiteFideId "4501950"]
[BlackFideId "4512650"]
[WhiteTitle "GM"]
[WhiteElo "2431"]
[BlackElo "1753"]
[WhiteTeam "EST"]
[BlackTeam "EST"]
[WhiteClock "0:05:38"]
[BlackClock "0:10:05"]
[Variant "Standard"]

1. d4 {[%clk 0:10:07]}  e6 {[%clk 0:10:10]} 2. c4 {[%clk 0:10:09]}  Nf6 {[%clk 0:10:14]} 3. Nf3 {[%clk 0:10:11]}  d5 {[%clk 0:10:18]} 4. g3 {[%clk 0:10:14]}  c5 {[%clk 0:10:22]} 5. cxd5 {[%clk 0:10:14]}  Nxd5 {[%clk 0:10:25]} 6. Bg2 {[%clk 0:10:14]}  cxd4 {[%clk 0:10:29]} 7. Nxd4 {[%clk 0:10:16]}  Bc5 {[%clk 0:10:29]} 8. O-O {[%clk 0:09:44]}  O-O {[%clk 0:10:33]} 9. e4 {[%clk 0:09:40]}  Bxd4 {[%clk 0:10:30]} 10. Qxd4 {[%clk 0:09:16]}  Nb6 {[%clk 0:10:32]} 11. Qc5 {[%clk 0:08:39]}  Nc6 {[%clk 0:10:23]} 12. Nc3 {[%clk 0:08:19]}  Qe7 {[%clk 0:08:52]} 13. Be3 {[%clk 0:08:20]}  e5 {[%clk 0:08:15]} 14. Nb5 {[%clk 0:07:17]}  Be6 {[%clk 0:07:05]} 15. Nxa7 {[%clk 0:05:25]}  Nc4 {[%clk 0:05:27]} 16. Nxc6 {[%clk 0:05:24]}  Qxc5 {[%clk 0:05:26]} 17. Bxc5 {[%clk 0:05:27]}  bxc6 {[%clk 0:05:29]} 18. Bxf8 {[%clk 0:05:30]}  Kxf8 {[%clk 0:05:32]} 19. b3 {[%clk 0:05:27]}  Nd6 {[%clk 0:04:40]} 20. Rfc1 {[%clk 0:05:29]}  Ra6 {[%clk 0:04:32]} 21. Bf1 {[%clk 0:05:33]}  Rb6 {[%clk 0:04:36]} 22. f3 {[%clk 0:05:37]}  Ke7 {[%clk 0:03:42]} 23. a4 {[%clk 0:05:37]}  Rxb3 {[%clk 0:01:19]} 24. a5 {[%clk 0:05:37]}  Rb7 {[%clk 0:00:53]} 25. a6 {[%clk 0:05:38]}  Ra7 {[%clk 0:00:57]} 26. Rxc6 {[%clk 0:05:40]}  Bc8 {[%clk 0:00:16]} 27. Rd1 {[%clk 0:05:38]}  Ke8 {[%clk 0:10:05]} 1-0

[Event "Kaido Kulaots 50 Rapid Tournament 2026"]
[Site "Parnu, EE"]
[Date "2026.02.28"]
[Round "1"]
[White "Poltan, Juri"]
[Black "Seeman, Tarvo"]
[Result "0-1"]
[Board "2"]
[WhiteFideId "4513819"]
[BlackFideId "4500547"]
[BlackTitle "IM"]
[WhiteElo "1731"]
[BlackElo "2313"]
[WhiteTeam "EST"]
[BlackTeam "EST"]
[WhiteClock "0:02:02"]
[BlackClock "0:00:31"]
[Variant "Standard"]

1. d4 {[%clk 0:10:07]}  Nf6 {[%clk 0:10:05]} 2. c4 {[%clk 0:10:08]}  g6 {[%clk 0:10:08]} 3. Nc3 {[%clk 0:10:08]}  Bg7 {[%clk 0:10:11]} 4. e4 {[%clk 0:10:01]}  d6 {[%clk 0:10:14]} 5. Nf3 {[%clk 0:09:31]}  Bg4 {[%clk 0:10:16]} 6. h3 {[%clk 0:09:22]}  Bxf3 {[%clk 0:10:17]} 7. Qxf3 {[%clk 0:09:15]}  Nc6 {[%clk 0:09:42]} 8. Be3 {[%clk 0:09:07]}  e5 {[%clk 0:09:34]} 9. d5 {[%clk 0:08:55]}  Nd4 {[%clk 0:09:34]} 10. Qd1 {[%clk 0:08:34]}  O-O {[%clk 0:09:26]} 11. Bd3 {[%clk 0:07:34]}  c5 {[%clk 0:09:17]} 12. dxc6 {[%clk 0:06:56]}  bxc6 {[%clk 0:09:15]} 13. c5 {[%clk 0:05:54]}  Rb8 {[%clk 0:06:50]} 14. Rb1 {[%clk 0:05:48]}  dxc5 {[%clk 0:06:04]} 15. O-O {[%clk 0:05:48]}  Nh5 {[%clk 0:04:20]} 16. Na4 {[%clk 0:05:04]}  Nf4 {[%clk 0:03:42]} 17. Nxc5 {[%clk 0:04:35]}  Qd6 {[%clk 0:03:20]} 18. Nb3 {[%clk 0:04:11]}  Rfd8 {[%clk 0:03:03]} 19. Nxd4 {[%clk 0:03:50]}  exd4 {[%clk 0:03:06]} 20. Bxf4 {[%clk 0:03:49]}  Qxf4 {[%clk 0:03:09]} 21. b4 {[%clk 0:03:47]}  h5 {[%clk 0:03:02]} 22. Qf3 {[%clk 0:03:32]}  Qxf3 {[%clk 0:03:01]} 23. gxf3 {[%clk 0:03:35]}  Bh6 {[%clk 0:03:03]} 24. Kg2 {[%clk 0:03:25]}  Bf4 {[%clk 0:03:06]} 25. Rfd1 {[%clk 0:03:20]}  Kg7 {[%clk 0:02:56]} 26. Bc4 {[%clk 0:03:19]}  Rb6 {[%clk 0:02:13]} 27. Rd3 {[%clk 0:03:18]}  c5 {[%clk 0:02:16]} 28. b5 {[%clk 0:03:19]}  a6 {[%clk 0:02:04]} 29. a4 {[%clk 0:03:22]}  a5 {[%clk 0:01:59]} 30. Kf1 {[%clk 0:03:20]}  h4 {[%clk 0:01:58]} 31. Rb2 {[%clk 0:03:21]}  Rh8 {[%clk 0:01:59]} 32. Rc2 {[%clk 0:03:21]}  Rh5 {[%clk 0:02:02]} 33. Bd5 {[%clk 0:03:21]}  Bd6 {[%clk 0:01:57]} 34. Rb3 {[%clk 0:03:16]}  Kf6 {[%clk 0:01:57]} 35. Bc4 {[%clk 0:03:12]}  Rg5 {[%clk 0:01:54]} 36. Rb1 {[%clk 0:03:10]}  Bf4 {[%clk 0:01:49]} 37. Bd3 {[%clk 0:03:09]}  Ke7 {[%clk 0:01:33]} 38. Bc4 {[%clk 0:03:09]}  f6 {[%clk 0:01:26]} 39. Bd3 {[%clk 0:03:10]}  Kd6 {[%clk 0:01:24]} 40. Rd1 {[%clk 0:03:08]}  Rb8 {[%clk 0:01:08]} 41. Rb2 {[%clk 0:03:09]}  Kc7 {[%clk 0:01:09]} 42. Bc4 {[%clk 0:03:03]}  Kb6 {[%clk 0:01:11]} 43. Rc2 {[%clk 0:03:02]}  Re8 {[%clk 0:01:02]} 44. Ke2 {[%clk 0:02:57]}  Rg2 {[%clk 0:01:03]} 45. Rh1 {[%clk 0:02:49]}  Re7 {[%clk 0:01:02]} 46. Rb2 {[%clk 0:02:52]}  f5 {[%clk 0:00:59]} 47. Bd3 {[%clk 0:02:53]}  Rc7 {[%clk 0:00:52]} 48. Rc2 {[%clk 0:02:51]}  Re7 {[%clk 0:00:43]} 49. Rb2 {[%clk 0:02:51]}  Bd6 {[%clk 0:00:25]} 50. Rc2 {[%clk 0:02:49]}  Bf4 {[%clk 0:00:21]} 51. Rb2 {[%clk 0:02:46]}  Rg5 {[%clk 0:00:23]} 52. Rbb1 {[%clk 0:02:46]}  Rc7 {[%clk 0:00:21]} 53. Bc4 {[%clk 0:02:41]}  fxe4 {[%clk 0:00:17]} 54. fxe4 {[%clk 0:02:43]}  Re5 {[%clk 0:00:17]} 55. Kd3 {[%clk 0:02:43]}  g5 {[%clk 0:00:19]} 56. f3 {[%clk 0:02:43]}  Be3 {[%clk 0:00:21]} 57. Rhf1 {[%clk 0:02:38]}  Re8 {[%clk 0:00:21]} 58. Rb2 {[%clk 0:02:37]}  Rf8 {[%clk 0:00:24]} 59. Be6 {[%clk 0:02:31]}  Rf6 {[%clk 0:00:24]} 60. Bd5 {[%clk 0:02:28]}  Rc8 {[%clk 0:00:24]} 61. Ke2 {[%clk 0:02:24]}  Rcf8 {[%clk 0:00:24]} 62. Rbb1 {[%clk 0:02:23]}  Bf4 {[%clk 0:00:24]} 63. Rb2 {[%clk 0:02:24]}  Be5 {[%clk 0:00:26]} 64. Rc2 {[%clk 0:02:26]}  d3+ {[%clk 0:00:16]} 65. Kxd3 {[%clk 0:02:27]}  Rxf3+ {[%clk 0:00:20]} 66. Rxf3 {[%clk 0:02:15]}  Rxf3+ {[%clk 0:00:24]} 67. Ke2 {[%clk 0:02:03]}  Rxh3 {[%clk 0:00:27]} 68. Kf1 {[%clk 0:01:59]}  Rh1+ {[%clk 0:00:27]} 69. Kg2 {[%clk 0:02:02]}  Rh2+ {[%clk 0:00:31]} 0-1

[Event "Kaido Kulaots 50 Rapid Tournament 2026"]
[Site "Parnu, EE"]
[Date "2026.02.28"]
[Round "1"]
[White "Rychagov, Nikita"]
[Black "Koppel, Mattias"]
[Result "1-0"]
[Board "3"]
[WhiteFideId "4508394"]
[BlackFideId "4532597"]
[WhiteTitle "CM"]
[WhiteElo "2309"]
[BlackElo "1675"]
[WhiteTeam "EST"]
[BlackTeam "EST"]
[WhiteClock "0:01:20"]
[BlackClock "0:02:51"]
[Variant "Standard"]

1. e4 {[%clk 0:10:08]}  c6 {[%clk 0:10:09]} 2. d4 {[%clk 0:10:11]}  d5 {[%clk 0:10:13]} 3. e5 {[%clk 0:10:15]}  Bf5 {[%clk 0:10:16]} 4. Nf3 {[%clk 0:10:16]}  e6 {[%clk 0:10:19]} 5. Be2 {[%clk 0:10:20]}  c5 {[%clk 0:10:23]} 6. Be3 {[%clk 0:10:16]}  Qb6 {[%clk 0:10:23]} 7. Nc3 {[%clk 0:09:11]}  Qxb2 {[%clk 0:09:59]} 8. Qb1 {[%clk 0:09:09]}  Qxb1+ {[%clk 0:08:41]} 9. Rxb1 {[%clk 0:09:13]}  c4 {[%clk 0:07:55]} 10. Rxb7 {[%clk 0:09:13]}  Nc6 {[%clk 0:07:40]} 11. Kd2 {[%clk 0:08:20]}  Bb4 {[%clk 0:07:32]} 12. Rb1 {[%clk 0:08:15]}  Bxc3+ {[%clk 0:07:35]} 13. Kxc3 {[%clk 0:08:19]}  Nge7 {[%clk 0:07:29]} 14. Bc1 {[%clk 0:07:31]}  O-O {[%clk 0:07:20]} 15. Ba3 {[%clk 0:07:34]}  Rfe8 {[%clk 0:07:20]} 16. Rc7 {[%clk 0:07:26]}  Rac8 {[%clk 0:07:01]} 17. Rbb7 {[%clk 0:06:39]}  Rxc7 {[%clk 0:06:54]} 18. Rxc7 {[%clk 0:06:43]}  a5 {[%clk 0:06:46]} 19. Nh4 {[%clk 0:06:05]}  Nb4 {[%clk 0:06:00]} 20. Bxb4 {[%clk 0:04:03]}  axb4+ {[%clk 0:05:56]} 21. Kxb4 {[%clk 0:02:56]}  Bxc2 {[%clk 0:05:49]} 22. a4 {[%clk 0:02:44]}  Nf5 {[%clk 0:05:49]} 23. Nxf5 {[%clk 0:02:47]}  Bxf5 {[%clk 0:05:51]} 24. Rc5 {[%clk 0:02:00]}  h6 {[%clk 0:05:24]} 25. Bd1 {[%clk 0:01:35]}  Kf8 {[%clk 0:05:15]} 26. a5 {[%clk 0:01:37]}  Bd3 {[%clk 0:04:51]} 27. a6 {[%clk 0:01:13]}  c3 {[%clk 0:04:31]} 28. a7 {[%clk 0:01:16]}  Ra8 {[%clk 0:04:11]} 29. Rxc3 {[%clk 0:01:17]}  Bc4 {[%clk 0:04:13]} 30. Ra3 {[%clk 0:01:19]}  Ke8 {[%clk 0:04:15]} 31. Kc5 {[%clk 0:01:22]}  Kd7 {[%clk 0:04:11]} 32. Kb6 {[%clk 0:01:25]}  Kc8 {[%clk 0:04:07]} 33. Ra5 {[%clk 0:01:23]}  g5 {[%clk 0:02:51]} 34. Ba4 {[%clk 0:01:20]} 1-0

[Event "Kaido Kulaots 50 Rapid Tournament 2026"]
[Site "Parnu, EE"]
[Date "2026.02.28"]
[Round "2"]
[White "Mironov, Ruslan"]
[Black "Volodin, Aleksandr"]
[Result "0-1"]
[Board "1"]
[WhiteFideId "4500431"]
[BlackFideId "4501950"]
[BlackTitle "GM"]
[WhiteElo "2058"]
[BlackElo "2431"]
[WhiteTeam "EST"]
[BlackTeam "EST"]
[WhiteClock "0:02:23"]
[BlackClock "0:04:13"]
[Variant "Standard"]

1. e4 {[%clk 0:10:08]}  c5 {[%clk 0:10:07]} 2. Nf3 {[%clk 0:10:10]}  d6 {[%clk 0:10:11]} 3. d4 {[%clk 0:09:22]}  cxd4 {[%clk 0:10:14]} 4. Nxd4 {[%clk 0:09:25]}  Nf6 {[%clk 0:10:17]} 5. Nc3 {[%clk 0:09:29]}  a6 {[%clk 0:10:21]} 6. h3 {[%clk 0:09:28]}  e5 {[%clk 0:10:22]} 7. Nb3 {[%clk 0:09:31]}  Be7 {[%clk 0:08:36]} 8. Qf3 {[%clk 0:09:02]}  Be6 {[%clk 0:08:13]} 9. Bd2 {[%clk 0:08:24]}  O-O {[%clk 0:07:04]} 10. O-O-O {[%clk 0:08:21]}  a5 {[%clk 0:07:00]} 11. Bb5 {[%clk 0:08:02]}  Nc6 {[%clk 0:06:44]} 12. Be3 {[%clk 0:06:45]}  Qc7 {[%clk 0:05:50]} 13. g4 {[%clk 0:06:38]}  Nb4 {[%clk 0:05:30]} 14. Rd2 {[%clk 0:06:26]}  Nxa2+ {[%clk 0:05:08]} 15. Nxa2 {[%clk 0:06:16]}  a4 {[%clk 0:04:55]} 16. Na1 {[%clk 0:03:37]}  Bxa2 {[%clk 0:04:54]} 17. Rd3 {[%clk 0:03:22]}  d5 {[%clk 0:04:20]} 18. Rc3 {[%clk 0:03:25]}  Qa5 {[%clk 0:04:18]} 19. Bc5 {[%clk 0:02:22]}  Bxc5 {[%clk 0:04:11]} 20. Rxc5 {[%clk 0:02:23]}  Nxe4 {[%clk 0:04:13]} 0-1

[Event "Kaido Kulaots 50 Rapid Tournament 2026"]
[Site "Parnu, EE"]
[Date "2026.02.28"]
[Round "2"]
[White "Seeman, Tarvo"]
[Black "Arikov, Artem"]
[Result "1-0"]
[Board "2"]
[WhiteFideId "4500547"]
[BlackFideId "4192478"]
[WhiteTitle "IM"]
[BlackTitle "FM"]
[WhiteElo "2313"]
[BlackElo "2084"]
[WhiteTeam "EST"]
[BlackTeam "EST"]
[WhiteClock "0:00:01"]
[BlackClock "0:01:26"]
[Variant "Standard"]

1. Nf3 {[%clk 0:10:08]}  Nf6 {[%clk 0:10:07]} 2. g3 {[%clk 0:10:12]}  c5 {[%clk 0:10:02]} 3. Bg2 {[%clk 0:10:13]}  Nc6 {[%clk 0:10:05]} 4. O-O {[%clk 0:10:15]}  d5 {[%clk 0:10:00]} 5. d3 {[%clk 0:10:16]}  e5 {[%clk 0:09:11]} 6. e4 {[%clk 0:10:19]}  dxe4 {[%clk 0:08:57]} 7. dxe4 {[%clk 0:10:23]}  Qxd1 {[%clk 0:08:58]} 8. Rxd1 {[%clk 0:10:26]}  Bg4 {[%clk 0:06:37]} 9. c3 {[%clk 0:10:24]}  Be7 {[%clk 0:06:21]} 10. Na3 {[%clk 0:10:22]}  O-O {[%clk 0:06:01]} 11. Nc4 {[%clk 0:10:12]}  Rfd8 {[%clk 0:04:13]} 12. Re1 {[%clk 0:09:41]}  Nd7 {[%clk 0:03:39]} 13. Ne3 {[%clk 0:09:34]}  Be6 {[%clk 0:03:43]} 14. Nd5 {[%clk 0:09:30]}  Rac8 {[%clk 0:03:20]} 15. Be3 {[%clk 0:08:51]}  f6 {[%clk 0:03:15]} 16. Bf1 {[%clk 0:06:18]}  Bf8 {[%clk 0:03:13]} 17. Nd2 {[%clk 0:05:56]}  Bxd5 {[%clk 0:02:41]} 18. exd5 {[%clk 0:05:58]}  Ne7 {[%clk 0:02:45]} 19. c4 {[%clk 0:05:06]}  Nf5 {[%clk 0:02:48]} 20. Bh3 {[%clk 0:05:01]}  g6 {[%clk 0:02:06]} 21. Ne4 {[%clk 0:04:24]}  Kg7 {[%clk 0:01:37]} 22. Bxf5 {[%clk 0:04:20]}  gxf5 {[%clk 0:01:40]} 23. Nc3 {[%clk 0:04:23]}  Nb6 {[%clk 0:01:32]} 24. b3 {[%clk 0:04:26]}  Rc7 {[%clk 0:01:32]} 25. Nb5 {[%clk 0:04:22]}  Rcd7 {[%clk 0:01:35]} 26. Nxa7 {[%clk 0:04:23]}  Ra8 {[%clk 0:01:38]} 27. Nb5 {[%clk 0:04:24]}  Nc8 {[%clk 0:01:42]} 28. a4 {[%clk 0:04:16]}  b6 {[%clk 0:01:30]} 29. Ra2 {[%clk 0:03:48]}  h5 {[%clk 0:01:27]} 30. Rea1 {[%clk 0:03:41]}  h4 {[%clk 0:01:30]} 31. a5 {[%clk 0:03:18]}  bxa5 {[%clk 0:01:31]} 32. Rxa5 {[%clk 0:03:21]}  Rb8 {[%clk 0:01:29]} 33. Ra8 {[%clk 0:03:09]}  Rxa8 {[%clk 0:01:07]} 34. Rxa8 {[%clk 0:03:13]}  Nd6 {[%clk 0:01:11]} 35. Nxd6 {[%clk 0:02:41]}  Bxd6 {[%clk 0:01:15]} 36. Rc8 {[%clk 0:02:36]}  Rb7 {[%clk 0:01:19]} 37. Bxc5 {[%clk 0:01:50]}  Bxc5 {[%clk 0:01:23]} 38. Rxc5 {[%clk 0:01:53]}  Rxb3 {[%clk 0:01:27]} 39. gxh4 {[%clk 0:01:36]}  f4 {[%clk 0:01:27]} 40. d6 {[%clk 0:00:41]}  Kf7 {[%clk 0:01:32]} 41. Rd5 {[%clk 0:00:37]}  Ke8 {[%clk 0:01:36]} 42. c5 {[%clk 0:00:16]}  Rc3 {[%clk 0:01:25]} 43. Kg2 {[%clk 0:00:18]}  Kd7 {[%clk 0:01:26]} 44. h5 {[%clk 0:00:01]} 1-0

[Event "Kaido Kulaots 50 Rapid Tournament 2026"]
[Site "Parnu, EE"]
[Date "2026.02.28"]
[Round "2"]
[White "Heinmets, Tonu"]
[Black "Rychagov, Nikita"]
[Result "0-1"]
[Board "3"]
[WhiteFideId "4500962"]
[BlackFideId "4508394"]
[BlackTitle "CM"]
[WhiteElo "2002"]
[BlackElo "2309"]
[WhiteTeam "EST"]
[BlackTeam "EST"]
[WhiteClock "0:02:31"]
[BlackClock "0:04:32"]
[Variant "Standard"]

1. c4 {[%clk 0:10:09]}  e5 {[%clk 0:10:00]} 2. g3 {[%clk 0:10:12]}  Nf6 {[%clk 0:10:03]} 3. Bg2 {[%clk 0:10:15]}  c6 {[%clk 0:10:07]} 4. Nc3 {[%clk 0:10:19]}  d5 {[%clk 0:10:07]} 5. cxd5 {[%clk 0:10:20]}  cxd5 {[%clk 0:10:11]} 6. Qb3 {[%clk 0:09:29]}  e4 {[%clk 0:08:48]} 7. Nh3 {[%clk 0:08:49]}  Nc6 {[%clk 0:06:58]} 8. Nf4 {[%clk 0:08:31]}  Na5 {[%clk 0:06:45]} 9. Qd1 {[%clk 0:07:47]}  g5 {[%clk 0:05:08]} 10. Nfxd5 {[%clk 0:07:00]}  Nxd5 {[%clk 0:05:08]} 11. Qa4+ {[%clk 0:06:38]}  Nc6 {[%clk 0:05:08]} 12. Qxe4+ {[%clk 0:03:41]}  Nde7 {[%clk 0:05:12]} 13. d3 {[%clk 0:03:43]}  h6 {[%clk 0:04:40]} 14. h4 {[%clk 0:03:26]}  g4 {[%clk 0:04:42]} 15. Bf4 {[%clk 0:02:53]}  Bg7 {[%clk 0:04:40]} 16. Nb5 {[%clk 0:02:31]}  Qa5+ {[%clk 0:04:32]} 0-1

[Event "Kaido Kulaots 50 Rapid Tournament 2026"]
[Site "Parnu, EE"]
[Date "2026.02.28"]
[Round "3"]
[White "Volodin, Aleksandr"]
[Black "Dubrovin, Robert"]
[Result "1-0"]
[Board "1"]
[WhiteFideId "4501950"]
[BlackFideId "4501829"]
[WhiteTitle "GM"]
[WhiteElo "2431"]
[BlackElo "2231"]
[WhiteTeam "EST"]
[BlackTeam "EST"]
[WhiteClock "0:00:50"]
[BlackClock "0:02:03"]
[Variant "Standard"]

1. d4 {[%clk 0:10:07]}  g6 {[%clk 0:10:01]} 2. c4 {[%clk 0:10:06]}  Bg7 {[%clk 0:10:05]} 3. Nc3 {[%clk 0:09:54]}  c5 {[%clk 0:09:52]} 4. d5 {[%clk 0:09:52]}  Bxc3+ {[%clk 0:09:45]} 5. bxc3 {[%clk 0:09:55]}  d6 {[%clk 0:09:49]} 6. e4 {[%clk 0:09:23]}  e5 {[%clk 0:09:53]} 7. dxe6 {[%clk 0:08:51]}  Bxe6 {[%clk 0:09:53]} 8. Rb1 {[%clk 0:07:56]}  b6 {[%clk 0:06:22]} 9. Bf4 {[%clk 0:05:12]}  Nc6 {[%clk 0:06:26]} 10. Nf3 {[%clk 0:04:56]}  Nf6 {[%clk 0:05:24]} 11. Bd3 {[%clk 0:04:02]}  Nd7 {[%clk 0:04:37]} 12. Bxd6 {[%clk 0:03:23]}  Qf6 {[%clk 0:04:40]} 13. Qa4 {[%clk 0:01:48]}  Qxc3+ {[%clk 0:04:01]} 14. Ke2 {[%clk 0:01:52]}  Rc8 {[%clk 0:03:50]} 15. Qa6 {[%clk 0:01:07]}  Ndb8 {[%clk 0:02:47]} 16. Qb7 {[%clk 0:00:55]}  Bxc4 {[%clk 0:02:03]} 17. Qxc8+ {[%clk 0:00:50]} 1-0

[Event "Kaido Kulaots 50 Rapid Tournament 2026"]
[Site "Parnu, EE"]
[Date "2026.02.28"]
[Round "3"]
[White "Bondarenko, Dmitry"]
[Black "Seeman, Tarvo"]
[Result "1/2-1/2"]
[Board "2"]
[WhiteFideId "34105708"]
[BlackFideId "4500547"]
[BlackTitle "IM"]
[WhiteElo "1996"]
[BlackElo "2313"]
[WhiteTeam "EST"]
[BlackTeam "EST"]
[WhiteClock "0:00:25"]
[BlackClock "0:00:13"]
[Variant "Standard"]

1. d4 {[%clk 0:10:03]}  Nf6 {[%clk 0:10:05]} 2. Nf3 {[%clk 0:10:06]}  g6 {[%clk 0:10:08]} 3. e3 {[%clk 0:09:54]}  Bg7 {[%clk 0:10:11]} 4. Bd3 {[%clk 0:09:52]}  O-O {[%clk 0:10:12]} 5. O-O {[%clk 0:09:54]}  d6 {[%clk 0:10:15]} 6. b3 {[%clk 0:09:45]}  e5 {[%clk 0:09:56]} 7. dxe5 {[%clk 0:09:14]}  dxe5 {[%clk 0:09:57]} 8. e4 {[%clk 0:08:59]}  Bg4 {[%clk 0:08:22]} 9. Nbd2 {[%clk 0:08:51]}  Nbd7 {[%clk 0:07:35]} 10. Ba3 {[%clk 0:08:34]}  Re8 {[%clk 0:07:37]} 11. h3 {[%clk 0:08:38]}  Bxf3 {[%clk 0:07:38]} 12. Nxf3 {[%clk 0:08:42]}  Bf8 {[%clk 0:07:33]} 13. Bb2 {[%clk 0:08:34]}  c6 {[%clk 0:07:31]} 14. Qe2 {[%clk 0:07:56]}  Qc7 {[%clk 0:07:23]} 15. a3 {[%clk 0:07:07]}  a5 {[%clk 0:07:17]} 16. c3 {[%clk 0:06:18]}  Nc5 {[%clk 0:04:07]} 17. Bc2 {[%clk 0:06:13]}  Ne6 {[%clk 0:03:29]} 18. g3 {[%clk 0:05:57]}  h6 {[%clk 0:03:24]} 19. b4 {[%clk 0:05:46]}  Nh7 {[%clk 0:02:46]} 20. h4 {[%clk 0:04:13]}  Nf6 {[%clk 0:02:50]} 21. c4 {[%clk 0:04:02]}  Ng4 {[%clk 0:02:51]} 22. c5 {[%clk 0:03:50]}  h5 {[%clk 0:02:49]} 23. Bb3 {[%clk 0:03:28]}  b6 {[%clk 0:02:02]} 24. cxb6 {[%clk 0:02:11]}  Qxb6 {[%clk 0:02:06]} 25. Nxe5 {[%clk 0:01:29]}  Nxe5 {[%clk 0:02:09]} 26. Bxe5 {[%clk 0:01:31]}  axb4 {[%clk 0:02:09]} 27. Qf3 {[%clk 0:00:55]}  Rxa3 {[%clk 0:01:40]} 28. Rxa3 {[%clk 0:00:57]}  bxa3 {[%clk 0:01:44]} 29. Ba1 {[%clk 0:00:45]}  Bg7 {[%clk 0:01:41]} 30. Bxg7 {[%clk 0:00:39]}  Kxg7 {[%clk 0:01:45]} 31. Bxe6 {[%clk 0:00:18]}  Rxe6 {[%clk 0:01:45]} 32. Qxa3 {[%clk 0:00:20]}  Rxe4 {[%clk 0:01:40]} 33. Qc3+ {[%clk 0:00:24]}  Kg8 {[%clk 0:01:14]} 34. Rd1 {[%clk 0:00:23]}  Re6 {[%clk 0:00:28]} 35. Rd7 {[%clk 0:00:15]}  c5 {[%clk 0:00:21]} 36. Qf3 {[%clk 0:00:12]}  Rf6 {[%clk 0:00:13]} 37. Qa8+ {[%clk 0:00:15]}  Kg7 {[%clk 0:00:11]} 38. Rd8 {[%clk 0:00:19]}  Rf5 {[%clk 0:00:10]} 39. Rg8+ {[%clk 0:00:21]}  Kf6 {[%clk 0:00:14]} 40. Rc8 {[%clk 0:00:09]}  Kg7 {[%clk 0:00:17]} 41. Rg8+ {[%clk 0:00:13]}  Kf6 {[%clk 0:00:21]} 42. Rc8 {[%clk 0:00:17]}  Kg7 {[%clk 0:00:11]} 43. Rg8+ {[%clk 0:00:21]}  Kf6 {[%clk 0:00:13]} 44. Rc8 {[%clk 0:00:25]} 1/2-1/2

[Event "Kaido Kulaots 50 Rapid Tournament 2026"]
[Site "Parnu, EE"]
[Date "2026.02.28"]
[Round "3"]
[White "Rychagov, Nikita"]
[Black "Shvyrjov, Igor"]
[Result "1/2-1/2"]
[Board "3"]
[WhiteFideId "4508394"]
[BlackFideId "4500490"]
[WhiteTitle "CM"]
[BlackTitle "GM"]
[WhiteElo "2309"]
[BlackElo "2202"]
[WhiteTeam "EST"]
[BlackTeam "EST"]
[WhiteClock "0:00:28"]
[BlackClock "6:01:17"]
[Variant "Standard"]

1. e4 {[%clk 0:10:09]}  d5 {[%clk 0:10:07]} 2. exd5 {[%clk 0:10:13]}  Qxd5 {[%clk 0:10:12]} 3. Nc3 {[%clk 0:10:16]}  Qd8 {[%clk 0:10:15]} 4. d4 {[%clk 0:10:21]}  Nf6 {[%clk 0:10:19]} 5. Nf3 {[%clk 0:10:24]}  Bg4 {[%clk 0:10:21]} 6. h3 {[%clk 0:10:28]}  Bxf3 {[%clk 0:10:23]} 7. Qxf3 {[%clk 0:10:32]}  c6 {[%clk 0:10:27]} 8. Be3 {[%clk 0:10:35]}  e6 {[%clk 0:10:30]} 9. O-O-O {[%clk 0:10:33]}  Nbd7 {[%clk 0:10:24]} 10. Kb1 {[%clk 0:10:31]}  Nd5 {[%clk 0:10:23]} 11. Bc1 {[%clk 0:10:26]}  Nxc3+ {[%clk 0:10:23]} 12. Qxc3 {[%clk 0:10:30]}  Be7 {[%clk 0:09:55]} 13. g4 {[%clk 0:10:19]}  O-O {[%clk 0:09:47]} 14. f4 {[%clk 0:09:12]}  a5 {[%clk 0:06:56]} 15. g5 {[%clk 0:08:53]}  a4 {[%clk 0:06:49]} 16. a3 {[%clk 0:08:13]}  Qa5 {[%clk 0:06:52]} 17. Qd3 {[%clk 0:07:52]}  Rfd8 {[%clk 0:06:42]} 18. Bg2 {[%clk 0:06:43]}  Nf8 {[%clk 0:05:49]} 19. Qe4 {[%clk 0:05:21]}  Qb6 {[%clk 0:04:48]} 20. Ka1 {[%clk 0:05:23]}  Ra5 {[%clk 0:04:51]} 21. h4 {[%clk 0:04:27]}  Rad5 {[%clk 0:04:34]} 22. c3 {[%clk 0:04:12]}  Qb3 {[%clk 0:04:31]} 23. Qe2 {[%clk 0:03:35]}  R5d7 {[%clk 0:04:22]} 24. Be4 {[%clk 0:03:29]}  Qb6 {[%clk 0:03:48]} 25. Bc2 {[%clk 0:03:31]}  Qa5 {[%clk 0:03:50]} 26. h5 {[%clk 0:03:16]}  c5 {[%clk 0:03:46]} 27. h6 {[%clk 0:03:04]}  g6 {[%clk 0:03:40]} 28. Qe5 {[%clk 0:02:20]}  f6 {[%clk 0:03:44]} 29. gxf6 {[%clk 0:02:24]}  Rd5 {[%clk 0:03:49]} 30. f7+ {[%clk 0:02:26]}  Kxf7 {[%clk 0:03:50]} 31. Qg7+ {[%clk 0:02:31]}  Ke8 {[%clk 0:03:55]} 32. f5 {[%clk 0:01:43]}  gxf5 {[%clk 0:03:37]} 33. Rde1 {[%clk 0:01:12]}  cxd4 {[%clk 0:03:37]} 34. cxd4 {[%clk 0:01:13]}  Rxd4 {[%clk 0:03:21]} 35. Rhf1 {[%clk 0:01:17]}  Rg4 {[%clk 0:03:20]} 36. Qh8 {[%clk 0:01:14]}  Qc5 {[%clk 0:02:57]} 37. Bb1 {[%clk 0:01:04]}  Qd4 {[%clk 0:02:51]} 38. Re5 {[%clk 0:00:49]}  Rd5 {[%clk 0:02:34]} 39. Rfe1 {[%clk 0:00:49]}  Rxe5 {[%clk 0:02:32]} 40. Qxe5 {[%clk 0:00:48]}  Qxe5 {[%clk 0:02:35]} 41. Rxe5 {[%clk 0:00:52]}  Kf7 {[%clk 0:02:29]} 42. Rb5 {[%clk 0:00:56]}  Rg1 {[%clk 0:02:22]} 43. Be3 {[%clk 0:00:55]}  Re1 {[%clk 0:02:23]} 44. Bd2 {[%clk 0:00:56]}  Rd1 {[%clk 0:02:25]} 45. Bc3 {[%clk 0:00:55]}  Rd7 {[%clk 0:02:11]} 46. Ka2 {[%clk 0:00:48]}  Bg5 {[%clk 0:02:10]} 47. Bc2 {[%clk 0:00:49]}  Bxh6 {[%clk 0:02:10]} 48. Bxa4 {[%clk 0:00:52]}  Bg7 {[%clk 0:01:50]} 49. Be1 {[%clk 0:00:50]}  e5 {[%clk 0:01:26]} 50. Rb6 {[%clk 0:00:40]}  Rc7 {[%clk 0:01:24]} 51. Bb3+ {[%clk 0:00:44]}  Ke8 {[%clk 0:01:25]} 52. Ba5 {[%clk 0:00:45]}  h5 {[%clk 0:00:51]} 53. Bd1 {[%clk 0:00:36]}  h4 {[%clk 0:00:53]} 54. Bh5+ {[%clk 0:00:41]}  Kd7 {[%clk 0:00:50]} 55. Rb4 {[%clk 0:00:45]}  Rc5 {[%clk 0:00:51]} 56. Rxb7+ {[%clk 0:00:47]}  Kc6 {[%clk 0:00:50]} 57. Rc7+ {[%clk 0:00:25]}  Kd6 {[%clk 0:00:46]} 58. Rxg7 {[%clk 0:00:26]}  Rxa5 {[%clk 0:00:50]} 59. Rf7 {[%clk 0:00:29]}  Ne6 {[%clk 0:00:44]} 60. Rxf5 {[%clk 0:00:32]}  Nf4 {[%clk 0:00:46]} 61. Bf3 {[%clk 0:00:31]}  Ke6 {[%clk 0:00:45]} 62. Rf8 {[%clk 0:00:32]}  Ra7 {[%clk 0:00:37]} 63. Rh8 {[%clk 0:00:35]}  Ng6 {[%clk 0:00:38]} 64. Rh6 {[%clk 0:00:38]}  Kf5 {[%clk 0:00:41]} 65. b4 {[%clk 0:00:28]}  Kg5 {[%clk 0:00:45]} 66. Rh5+ {[%clk 0:00:32]}  Kf4 {[%clk 0:00:49]} 67. Bd1 {[%clk 0:00:19]}  Rd7 {[%clk 0:00:53]} 68. Bc2 {[%clk 0:00:20]}  Rd2 {[%clk 0:00:56]} 69. Kb3 {[%clk 0:00:23]}  e4 {[%clk 0:00:56]} 70. Rh6 {[%clk 0:00:10]}  Kg5 {[%clk 0:01:00]} 71. Rh7 {[%clk 0:00:08]}  e3 {[%clk 0:00:54]} 72. Bxg6 {[%clk 0:00:11]}  e2 {[%clk 0:00:54]} 73. Re7 {[%clk 0:00:14]}  Kxg6 {[%clk 0:00:58]} 74. Kc3 {[%clk 0:00:18]}  Ra2 {[%clk 0:01:02]} 75. Kb3 {[%clk 0:00:22]}  Rd2 {[%clk 0:01:03]} 76. Kc3 {[%clk 0:00:26]}  Ra2 {[%clk 6:01:17]} 77. Kb3 {[%clk 0:00:28]} 1/2-1/2